Mankind in the making ; the story of human evolution /

Bibliographic Details
Main Author: Howells, W. W. (William White), 1908-2005
Format: Book
Language:English
Published: Garden City, N.Y. : Doubleday, [1967]
Edition:Rev. ed.
Subjects:

MARC

Tag First Indicator Second Indicator Subfields
LEADER 00000cam a22000001 4500
001 in00000052254
005 20151007070040.0
008 740514s1967 nyuab 00010 eng
010 |a  67010973  
035 |a (OCoLC)00597361 
035 |9 AAE3235AM 
040 |a DLC  |c DLC  |d TXA  |d UtOrBLW 
049 |a TXAM  |c 1 [424691], 2 [274818] 
050 0 0 |a QH368  |b .H65 1967 
082 0 |a 573 
092 |a 573  |b H859m, 1967 
100 1 |a Howells, W. W.  |q (William White),  |d 1908-2005. 
245 1 0 |a Mankind in the making ;  |b the story of human evolution /  |c [by] William Howells. Drawings by Janis Cirulis. 
250 |a Rev. ed. 
264 1 |a Garden City, N.Y. :  |b Doubleday,  |c [1967] 
264 4 |c [©1967] 
300 |a 384 pages :  |b illustrations, maps. ;  |c 25 cm. 
336 |a text  |b txt  |2 rdacontent 
337 |a unmediated  |b n  |2 rdamedia 
338 |a volume  |b nc  |2 rdacarrier 
650 0 |a Human beings  |x Origin. 
650 0 |a Prehistoric peoples. 
999 |a MARS 
999 f f |s 23f0754b-ccaa-35a6-a6eb-2a8261d319a6  |i b868f8a9-53f3-3998-861a-bd885391a160  |t 0 
952 f f |p ric  |a Texas A&M University  |b Rellis Campus  |c Joint Library Facility  |d Remote Storage  |t 0  |e QH368 .H65 1967  |h Library of Congress classification  |i unmediated -- volume  |m A14808219066 
998 f f |a QH368 .H65 1967  |t 0  |l Remote Storage